Η γεωστρατηγική των σταυροφοριών στους Αγίους Τόπους : πτυχιακή εργασία

Η συγκεκριμένη εργασία αφορά τη γεωστρατηγική που χρησιμοποίησαν οι σταυροφορικές εκστρατείες με σκοπό την κατάληψη της περιοχής της Παλαιστίνης, των Αγίων Τόπων. Η έρευνα πραγματοποιήθηκε με τη χρήση βιβλιογραφικών αναφορών που βοηθήσαν στη καλύτερη κατανόηση του θέματος, δίνοντας πλήθος ιστορικών...

Πλήρης περιγραφή

Αποθηκεύτηκε σε:
Λεπτομέρειες βιβλιογραφικής εγγραφής
Κύριος συγγραφέας: Σιούτης, Πάρης
Συγγραφή απο Οργανισμό/Αρχή: Πανεπιστήμιο Αιγαίου. Σχολή Κοινωνικών Επιστημών. Τμήμα Γεωγραφίας
Μορφή: Thesis Βιβλίο
Γλώσσα:Greek
Δημοσίευση: 2017.
Διαθέσιμο Online:http://hdl.handle.net/11610/18024
Ετικέτες: Προσθήκη ετικέτας
Δεν υπάρχουν, Καταχωρήστε ετικέτα πρώτοι!

MARC

LEADER 00000cam a2200000 a 4500
001 1/120635
008 200115s2017####gr | ||| |||| ||gre||
040 |a GR-MyUa  |b gre  |c GR-MyUa  |e AACR2 
041 0 |a gre 
082 7 |a 000  |2 (23) 
100 1 |a Σιούτης, Πάρης. 
245 1 2 |a Η γεωστρατηγική των σταυροφοριών στους Αγίους Τόπους :   |b πτυχιακή εργασία /   |c Πάρης Σιούτης ; επιβλέπων: Γεώργιος Σιδηρόπουλος.  
260 |c 2017.  
300 |a 51 εκ. :   |b χάρτες ;   |c 29 εκ.  
502 |a Πτυχιακή εργασίας - Πανεπιστήμιο Αιγαίου, Μυτιλήνη, 2017.  
504 |a Βιβλιογραφία: σ. 51.  
506 1 |a Ηλεκτρονική διάθεση στο πλήρες κείμενο - ελεύθερης πρόσβασης.  
520 8 |a Η συγκεκριμένη εργασία αφορά τη γεωστρατηγική που χρησιμοποίησαν οι σταυροφορικές εκστρατείες με σκοπό την κατάληψη της περιοχής της Παλαιστίνης, των Αγίων Τόπων. Η έρευνα πραγματοποιήθηκε με τη χρήση βιβλιογραφικών αναφορών που βοηθήσαν στη καλύτερη κατανόηση του θέματος, δίνοντας πλήθος ιστορικών στοιχείων. Κατά τη διάρκεια μελέτης, της κάθε σταυροφορίας, περιγράφονται οι διαδρομές που ακολουθήθηκαν αλλά και οι μάχες που έγιναν ώστε να γίνει κατανοητή η προσέγγιση που πραγματοποίησε η κάθε σταυροφορία για να πετύχει το σκοπό της. Η κάθε σταυροφορία μελετάται ξεχωριστά με τη συνοδεία χαρτών που απεικονίζουν τις διαδρομές και τα εδάφη που καταλήφθηκαν. Δίνονται απαντήσεις για τους παράγοντες που συνέβαλαν στις επιτυχίες αλλά και τις αποτυχίες τους και παρουσιάζονται τα χαρακτηριστικά με τα οποία η κάθε σταυροφορία μπορούσε να πετύχει το σκοπό της. 
540 |a Κλειδωμένη η δυνατότητα αντιγραφής (copy) από το ηλεκτρονικό κείμενο.  
700 1 |a Σιδηρόπουλος, Γεώργιος,  |e dgs 
710 2 |a Πανεπιστήμιο Αιγαίου.   |b Σχολή Κοινωνικών Επιστημών.   |b Τμήμα Γεωγραφίας. 
852 |a INST  |b LESVOS  |c DIATR  |e 20200115  |h 1081  |p 005100063049  |q 005100063049  |t DIE  |y 23 
856 |u http://hdl.handle.net/11610/18024 
920 |a Σιούτης   |b Πάρης  |y Λέσβος  |z 2017-07 
970 |a Πατσή   |b Ανθίππη  |z 15-01-2020